000 00646nam a2200217Ia 4500
003 GCL
008 140319s9999 xx 000 0 ara d
040 _aGCL /
_cGCL
082 0 4 _a956.903
_bر و
100 1 _aرفعت سيد احمد
245 1 0 _aوثائق حرب فلسطين : الملفات السرية /
_cرفعت سيد احمد
260 _aالقاهرة :
_bمكتبة مدبولى ،
_c1989
300 _a540 ص
490 _a
650 0 4 _aتاريخ
650 0 4 _aفلسطين
650 0 4 _aفلسطين المحتلة
650 0 4 _aحرب فلسطين 1948
650 0 4 _aحرب السويس 1956
942 _2ddc
_cBK
999 _c51665
_d51665